Géographie et colonisation / Georges Hardy ; avant-propos "Qu'est-ce que la géographie humaine?" par Pierre Deffontaines. (Record no. 71585)

MARC details
000 -LEADER
campo de control de longitud fija 00795nam a2200229 i 4500
001 - NÚMERO DE CONTROL
campo de control 71585
003 - IDENTIFICADOR DE NÚMERO DE CONTROL
campo de control ES-MaACL
005 - FECHA Y HORA DE LA ÚLTIMA TRANSACCIÓN
campo de control 20251130063153.0
007 - CAMPO FIJO DE DESCRIPCIÓN FÍSICA--INFORMACIÓN GENERAL
campo de control de longitud fija t|
008 - DATOS DE LONGITUD FIJA--INFORMACIÓN GENERAL
campo de control de longitud fija 190718s1933 fr ||||1| fre d
100 1# - ENTRADA PRINCIPAL--NOMBRE DE PERSONA
Nombre de persona Hardy, Georges,
Fechas asociadas al nombre 1884-1972
9 (RLIN) 61829
245 10 - MENCIÓN DEL TÍTULO
Título Géographie et colonisation / Georges Hardy ; avant-propos "Qu'est-ce que la géographie humaine?" par Pierre Deffontaines.
260 ## - PUBLICACIÓN, DISTRIBUCIÓN, ETC.
Lugar de publicación, distribución, etc. Paris :
Nombre del editor, distribuidor, etc. Librairie Gallimard,
Fecha de publicación, distribución, etc. 1933.
300 ## - DESCRIPCIÓN FÍSICA
Extensión 207 p.-[40] p. de lám. :
Otras características físicas il. ;
Dimensiones 23 cm.
490 1# - MENCIÓN DE SERIE
Mención de serie Géographie humaine
650 #7 - PUNTO DE ACCESO ADICIONAL DE MATERIA--TÉRMINO DE MATERIA
Término de materia o nombre geográfico como elemento de entrada Colonización
Fuente del encabezamiento o término
9 (RLIN) 135791
650 #7 - PUNTO DE ACCESO ADICIONAL DE MATERIA--TÉRMINO DE MATERIA
Término de materia o nombre geográfico como elemento de entrada Geografía humana
Fuente del encabezamiento o término embne
9 (RLIN) 136176
700 1# - ENTRADA AGREGADA--NOMBRE PERSONAL
Nombre de persona Deffontaines, Pierre,
Fechas asociadas al nombre 1894-1978
9 (RLIN) 43201
830 0# - PUNTO DE ACCESO ADICIONAL DE SERIE-TÍTULO UNIFORME
Título uniforme Géographie humaine
9 (RLIN) 183335
852 ## - LOCALIZACIÓN
Ubicación ES-MaACL
Número de control de estantería P-709-1
Holdings
Estatus retirado Estado de pérdida Estado de daño No para préstamo Biblioteca de origen Biblioteca actual Ubicación en estantería Fecha de adquisición Fuente de adquisición Total de préstamos Signatura topográfica completa Código de barras Visto por última vez Precio de reemplazo Tipo de ítem Koha
        Biblioteca del Ateneo de Madrid Biblioteca del Ateneo de Madrid Depósito 2 18/07/2019     P-709-1 1201015 23/02/2023 23/02/2023 Libro impreso